Music Quiz

Random Music or Christmas Quiz

Can you name the Christmas song from the lyric? Quiz Stats

 Plays Quiz not verified by Sporcle

Support Sporcle.
Go Orange.
Score 0/25 Timer 07:00
0 Plays Today
Lyric Song Title % Correct
Come they told me, pa rum pum pum pumLittle Drummer Boy
83.4%
Once bitten and twice shy, I keep my distance, but you still catch my eyeLast Christmas
77%
There's a world outside your window, and it's a world of dread and fearDo They Know It's Christmas
57.5%
There's just one thing I need, I don't care about the presents, underneath the Christmas treeAll I Want For Christmas Is You
54.2%
They've got cars big as bars,they've got rivers of goldFairytale Of New York
49.2%
And so this is Christmas, for weak and for strongHappy Christmas War Is Over
47.7%
Where the treetops glisten and children listen, to hear sleigh bells in the snowWhite Christmas
45.2%
He is making a list, and checking it twice, gonna find out who's naughty and niceSanta Claus Is Comin' To Town
44.8%
It's gonna take some time, but I'll get there, top to toe in tailbacks oh, I got red lights on the runDriving Home For Christmas
43.7%
When the snowman brings the snow, well he just might like to knowI Wish It Could Be Christmas Every Day
38.2%
Time for parties, and celebrations, people dancin', all night longMerry Christmas Everyone
36.5%
Baby if you've got to go away, I don't think I can take the painStay Another Day
35.2%
Then I saw mommy tickle Santa Claus, underneath his beard so snowy whiteI Saw Mommy Kissing Santa Claus
33.4%
Lyric Song Title % Correct
Dreams are like angels, they keep bad at bayPower Of Love
32.5%
You will get a sentimental feeling when you hear, voices singing, let's be jollyRockin' Around The Christmas Tree
26.8%
A ray of hope flitters in the sky, a shiny star lights up way up highWhen A Child Is Born
25.7%
Think of all the fun I've missed, think of all the fellas that I haven't kissedSanta Baby
25.5%
Dreams of Santa, dreams of snow, fingers numb, faces aglowMistletoe and Wine
23.6%
From now on, our troubles will be miles away, here we are as in olden daysHave Yourself A Merry Little Christmas
18.9%
There'll be parties for hosting, marshmallows for toastingIt's The Most Wonderful Time Of The Year
17.9%
Hark, now hear the angels sing, a king was born todayMary's Boy Child
17.9%
So down to the village, with a broomstick in his hand, running here and there all around the square, saying catch me if you canFrosty The Snowman
13.9%
I have had to fight, almost every night, down throughout these centuriesStop The Cavalry
10.3%
He followed a light and came down to a shed, where a mother and child were lying there on a bedA Spaceman Came Travelling
8.2%
Try to imagine a house that's not a home, try to imagine a Christmas all aloneIt'll Be Lonely This Christmas
6.4%

You're not logged in!

Compare scores with friends on all Sporcle quizzes.
OR
Log In

From the Vault

Famous Family Trees

by THEJMAN

She married who? And what was their child's name? This quiz has all the answers.
Remove Ads.
Support Sporcle.
Get the best of Sporcle when you Go Orange. This ad-free experience offers more features, more stats, and more fun while also helping to support Sporcle. Thank you for becoming a member.

Show Comments

Extras

Created Dec 4, 2018ReportNominate
Tags:Christmas Quiz, Song Quiz

Top Quizzes Today


Score Distribution

Your Account Isn't Verified!

In order to create a playlist on Sporcle, you need to verify the email address you used during registration. Go to your Sporcle Settings to finish the process.

Report this User

Report this user for behavior that violates our Community Guidelines.

Details: